Quick Pick: Emmy Lead Comedy Actor Winners (1985-1994) Quiz Stats

Quiz not verified by Sporcle

Score 0/10 Timer 01:00
0 Plays Today
% Correct
Sam Malone
96.2%
Alex P. Keaton
96.2%
Alex P. Keaton
96.2%
Sam Malone
95.8%
Alex P. Keaton
95.8%
Dr. Frasier Crane
95.3%
Benson DuBois
87.8%
Hayden Fox
81.2%
Wood Newton
80.8%
Dr. Harry Weston
80.3%

You're not logged in!

Compare scores with friends on all Sporcle quizzes.
Join for Free
OR
Log In

You Might Also Like...

Show Comments

Extras

Top Quizzes Today


Score Distribution

Your Account Isn't Verified!

In order to create a playlist on Sporcle, you need to verify the email address you used during registration. Go to your Sporcle Settings to finish the process.

Report this User

Report this user for behavior that violates our Community Guidelines.

Details: